000 00455nam a2200133 a 4500
001 000045743
005 20201002052423.0
008 150508s2015 000 spa d
020 _a9789945892529
245 0 _aMirada de haijin :. :
_bantología de haikus y senryus del taller de creación literaria experimental coliné /
_cHaijin de Miranda.
260 _aSanto Domingo :
_bLetra Erguida,
_c2015.
300 _a157 p. :
_bil ;
_c22 cm.
999 _c45232
_d45232
040 _aDO-SdBNP